[Event "Astana Open-A 2019"]
[Site "Nur-Sultan"]
[Date "2019.07.16"]
[Round "7.4"]
[White "Konstantin, Kazakov"]
[Black "Vadim, Malakhatko"]
[Result "1/2-1/2"]
[WhiteElo "2380"]
[BlackElo "2462"]
[Annotator "ChessBase"]
[PlyCount "127"]
[EventDate "2019.07.11"]
[EventCountry "KAZ"]
[SourceTitle "playchess.com"]
[Source "ChessBase"]
[SourceQuality "1"]
[TimeControl "90+30"]

1. e4 {[%emt 0:00:00]} e6 {[%emt 0:00:00]} 2. d4 {[%emt 0:00:00]} d5 {[%emt 0:00:00]} 3. Nd2 {[%emt 0:00:00]} c5 {[%emt 0:00:00]} 4. exd5 {[%emt 0:00:00]} Qxd5 {[%emt 0:00:00]} 5. Ngf3 {[%emt 0:00:00]} cxd4 {[%emt 0:00:00]} 6. Bc4 {[%emt 0:00:00]} Qd8 {[%emt 0:00:00]} 7. O-O {[%emt 0:00:00]} Nc6 {[%emt 0:00:00]} 8. Nb3 {[%emt 0:00:00]} a6 {[%emt 0:00:00]} 9. Nbxd4 {[%emt 0:00:00]} Nxd4 {[%emt 0:00:00]} 10. Nxd4 {[%emt 0:00:00]} Qc7 {[%emt 0:00:00]} 11. Bb3 {[%emt 0:00:00]} Bd6 {[%emt 0:00:00]} 12. Qh5 {[%emt 0:00:00]} Nf6 {[%emt 0:00:00]} 13. Qh4 {[%emt 0:00:00]} Bd7 {[%emt 0:00:00]} 14. Bg5 {[%emt 0:00:00]} O-O-O {[%emt 0:00:00]} 15. Nf3 {[%emt 0:00:00]} Bc6 {[%emt 0:00:00]} 16. Bxf6 {[%emt 0:00:00]} gxf6 {[%emt 0:00:00]} 17. Qxf6 {[%emt 0:00:00]} Rhg8 {[%emt 0:00:00]} 18. g3 {[%emt 0:00:00]} Rg6 {[%emt 0:00:00]} 19. Qc3 {[%emt 0:00:00]} Rdg8 {[%emt 0:00:00]} 20. Nd4 {[%emt 0:00:00]} Bxg3 {[%emt 0:00:00]} 21. fxg3 {[%emt 0:00:00]} Rxg3+ {[%emt 0:00:00]} 22. hxg3 {[%emt 0:00:00]} Rxg3+ {[%emt 0:00:00]} 23. Kf2 {[%emt 0:00:00]} Rxc3 {[%emt 0:00:00]} 24. bxc3 {[%emt 0:00:00]} Be4 {[%emt 0:00:00]} 25. Rae1 {[%emt 0:00:00]} Bg6 {[%emt 0:00:00]} 26. Re3 {[%emt 0:00:00]} Kb8 {[%emt 0:00:00]} 27. Nf3 {[%emt 0:00:00]} Qc5 {[%emt 0:00:00]} 28. Rd1 {[%emt 0:00:00]} Bh5 {[%emt 0:00:00]} 29. Rg1 {[%emt 0:00:00]} Bg6 {[%emt 0:00:00]} 30. Ne5 {[%emt 0:00:00]} Qd6 {[%emt 0:00:00]} 31. Ke1 {[%emt 0:00:00]} Bh5 {[%emt 0:00:00]} 32. Nd3 {[%emt 0:00:00]} Qh2 {[%emt 0:00:00]} 33. Rf1 {[%emt 0:00:00]} Qh4+ {[%emt 0:00:00]} 34. Kd2 {[%emt 0:00:00]} Qg5 {[%emt 0:00:00]} 35. Nf4 {[%emt 0:00:00]} Bg4 {[%emt 0:00:00]} 36. Nd3 {[%emt 0:00:00]} Bf5 {[%emt 0:01:18]} 37. Ne5 {[%emt 0:00:00]} h5 {[%emt 0:08:52]} 38. Nxf7 {[%emt 0:00:00]} Qg2+ {[%emt 0:00:05]} 39. Ke1 {[%emt 0:00:00]} h4 {[%emt 0:00:20]} 40. Bxe6 {[%emt 0:00:00]} Bxe6 {[%emt 0:01:51]} 41. Rxe6 {[%emt 0:00:00]} Qxc2 {[%emt 0:00:10]} 42. Re3 {[%emt 0:00:00]} Qxa2 {[%emt 0:02:18]} 43. Ng5 {[%emt 0:00:00]} a5 {[%emt 0:00:41]} 44. Rf4 {[%emt 0:00:00]} Qb1+ {[%emt 0:02:17]} 45. Kf2 {[%emt 0:00:00]} Qc2+ {[%emt 0:00:08]} 46. Kf3 {[%emt 0:00:00]} Qd1+ {[%emt 0:00:07]} 47. Ke4 {[%emt 0:00:00]} a4 {[%emt 0:00:59]} 48. Kf5 {[%emt 0:00:00]} Qd7+ {[%emt 0:01:51]} 49. Ne6 {[%emt 0:00:00]} a3 {[%emt 0:00:26]} 50. Ke5 {[%emt 0:03:21]} a2 {[%emt 0:03:52]} 51. Re1 {[%emt 0:00:24]} Qd2 {[%emt 0:00:30]} 52. Rff1 {[%emt 0:00:26]} Qxc3+ {[%emt 0:00:12]} 53. Kd6 {[%emt 0:00:12]} h3 {[%emt 0:00:37]} 54. Kd5 {[%emt 0:03:18]} Qb3+ {[%emt 0:01:07]} 55. Kd6 {[%emt 0:00:30]} Qa3+ {[%emt 0:00:31]} 56. Kd5 {[%emt 0:00:07]} Qb3+ {[%emt 0:00:36]} 57. Kd6 {[%emt 0:00:05]} Ka7 {[%emt 0:00:15]} 58. Nc5 {[%emt 0:01:35]} Qb2 {[%emt 0:00:23]} 59. Kd5 {[%emt 0:00:20]} Qd2+ {[%emt 0:00:50]} 60. Kc4 {[%emt 0:01:59]} Qc2+ {[%emt 0:00:06]} 61. Kb4 {[%emt 0:00:11]} Qd2+ {[%emt 0:00:04]} 62. Kc4 {[%emt 0:00:35]} Qc2+ {[%emt 0:00:29]} 63. Kb4 {[%emt 0:00:04]} Qd2+ {[%emt 0:00:04]} 64. Kc4 {[%emt 0:00:05]} 1/2-1/2

[Event "Astana Open-A 2019"]
[Site "Nur-Sultan"]
[Date "2019.07.16"]
[Round "7.5"]
[White "Anton, Shomoev"]
[Black "Denis, Makhnev"]
[Result "1-0"]
[WhiteElo "2559"]
[BlackElo "2487"]
[Annotator "TA"]
[PlyCount "75"]
[EventDate "2019.07.11"]
[EventCountry "KAZ"]
[SourceTitle "playchess.com"]
[Source "ChessBase"]
[SourceQuality "1"]

{[%evp 28,75,30,2,17,16,27,13,14,0,10,11,27,0,32,24,36,-9,-9,-17,0,0,31,22,30,34,24,31,29,-4,-18,-5,0,0,0,0,66,69,81,72,83,79,72,75,75,0,0,0,388,388]} 1. e4 e5 2. Nf3 Nc6 3. Bb5 a6 4. Ba4 Nf6 5. O-O Be7 6. Re1 b5 7. Bb3 d6 8. c3 O-O 9. h3 Nb8 10. d4 Nbd7 11. Nbd2 Bb7 12. Bc2 Re8 13. Nf1 Bf8 14. Ng3 g6 15. b3 a5 {C95: Closed Ruy Lopez: Breyer Variation with 10 d4} 16. a4 b4 17. cxb4 axb4 {The position is equal.} 18. Bb2 Bh6 19. dxe5 dxe5 20. Bd3 {[#]} Qe7 $146 ({Predecessor:} 20... Nc5 21. Bb5 c6 22. Bc4 Qxd1 23. Raxd1 {1-0 (58) Zhigalko,S (2661)-Eljanov,P (2707) Kiev 2013}) 21. Qc2 Qc5 22. Qxc5 Nxc5 23. Bb5 c6 24. Bc4 Bf4 25. Ne2 Nfxe4 26. Nxf4 exf4 27. Ne5 $36 {[%mdl 2048] White is more active.} Nd6 28. Bf1 Nxb3 29. Rad1 Re6 30. Ng4 {[#] Hoping for Rxe6.} Rxe1 31. Rxe1 h5 ({But not} 31... Rxa4 $6 32. Rd1 $16) (31... Nf5 $11) 32. Nf6+ $14 Kf8 33. Be5 Rd8 34. Bxf4 {[%cal Rf4h6] [#]} Nf5 ({Not} 34... Kg7 $2 35. Bxd6 c5 36. Ne8+ Kg8 37. Bb5 $18) 35. Rb1 Nc5 36. Bc7 (36. g4 $16 hxg4 37. hxg4) 36... Ra8 $11 37. Rxb4 {Black must now prevent g4.} Rxa4 $2 {[%mdl 8192]} (37... Ke7 $11 38. Ne4 Nxe4 39. Rxe4+ (39. Rxb7 Rxa4 40. Bb6+ Ke6 $15) 39... Kd7) 38. Bb6 {Accuracy: White = 66%, Black = 47%.} 1-0

[Event "Astana Open-A 2019"]
[Site "Nur-Sultan"]
[Date "2019.07.16"]
[Round "7.6"]
[White "Evgeniy, Pak"]
[Black "Jakhongir, Vakhidov"]
[Result "0-1"]
[WhiteElo "2402"]
[BlackElo "2541"]
[Annotator "ChessBase"]
[PlyCount "90"]
[EventDate "2019.07.11"]
[EventCountry "KAZ"]
[SourceTitle "playchess.com"]
[Source "ChessBase"]
[SourceQuality "1"]
[TimeControl "90+30"]

1. d4 {[%emt 0:00:00]} d6 {[%emt 0:00:00]} 2. e4 {[%emt 0:00:00]} Nf6 {[%emt 0:00:00]} 3. Nc3 {[%emt 0:00:00]} g6 {[%emt 0:00:00]} 4. Nf3 {[%emt 0:00:00]} Bg7 {[%emt 0:00:00]} 5. Be2 {[%emt 0:00:00]} O-O {[%emt 0:00:00]} 6. O-O {[%emt 0:00:00]} e6 {[%emt 0:00:00]} 7. Re1 {[%emt 0:00:00]} Nc6 {[%emt 0:00:00]} 8. Bf1 {[%emt 0:00:00]} b6 {[%emt 0:00:00]} 9. a4 {[%emt 0:00:00]} Bb7 {[%emt 0:00:00]} 10. h3 {[%emt 0:00:00]} a6 {[%emt 0:00:00]} 11. b3 {[%emt 0:00:00]} Re8 {[%emt 0:00:00]} 12. Bb2 {[%emt 0:00:00]} Nb4 {[%emt 0:00:00]} 13. Qc1 {[%emt 0:00:00]} c5 {[%emt 0:00:00]} 14. dxc5 {[%emt 0:00:00]} bxc5 {[%emt 0:00:00]} 15. e5 {[%emt 0:00:00]} Nd7 {[%emt 0:00:00]} 16. exd6 {[%emt 0:00:00]} Bxf3 {[%emt 0:00:00]} 17. gxf3 {[%emt 0:00:00]} Ne5 {[%emt 0:00:00]} 18. Rxe5 {[%emt 0:00:00]} Bxe5 {[%emt 0:00:00]} 19. Ne4 {[%emt 0:00:00]} Nc6 {[%emt 0:00:00]} 20. d7 {[%emt 0:00:00]} Rf8 {[%emt 0:00:00]} 21. Bxe5 {[%emt 0:00:00]} Nxe5 {[%emt 0:00:00]} 22. Qf4 {[%emt 0:00:00]} Nxd7 {[%emt 0:00:00]} 23. Rd1 {[%emt 0:00:00]} Ra7 {[%emt 0:00:00]} 24. Bxa6 {[%emt 0:00:00]} Qe7 {[%emt 0:00:00]} 25. Bb5 {[%emt 0:00:00]} f5 {[%emt 0:00:00]} 26. Ng5 {[%emt 0:00:00]} Ne5 {[%emt 0:00:00]} 27. Qxe5 {[%emt 0:00:00]} Qxg5+ {[%emt 0:00:00]} 28. Kf1 {[%emt 0:00:00]} Re7 {[%emt 0:00:00]} 29. Bc4 {[%emt 0:00:00]} Qf6 {[%emt 0:00:00]} 30. Qxc5 {[%emt 0:00:00]} Kg7 {[%emt 0:00:00]} 31. f4 {[%emt 0:00:00]} e5 {[%emt 0:00:00]} 32. fxe5 {[%emt 0:00:00]} Rxe5 {[%emt 0:05:45]} 33. Qd6 {[%emt 0:00:00]} Qxd6 {[%emt 0:00:24]} 34. Rxd6 {[%emt 0:00:00]} f4 {[%emt 0:00:11]} 35. f3 {[%emt 0:00:00]} Rh5 {[%emt 0:05:56]} 36. Kg2 {[%emt 0:00:00]} Rff5 {[%emt 0:00:26]} 37. Be6 {[%emt 0:00:00]} Rc5 {[%emt 0:01:37]} 38. c4 {[%emt 0:00:00]} Rce5 {[%emt 0:00:04]} 39. Bg4 {[%emt 0:00:00]} Re2+ {[%emt 0:00:04]} 40. Kf1 {[%emt 0:00:00]} Rhe5 {[%emt 0:00:05]} 41. Rd1 {[%emt 0:00:00]} Rb2 {[%emt 0:03:43]} 42. Rd3 {[%emt 0:01:55]} Kf6 {[%emt 0:00:44]} 43. Rc3 {[%emt 0:00:28]} Kg5 {[%emt 0:01:00]} 44. Rc1 {[%emt 0:02:13]} Ree2 {[%emt 0:00:32]} 45. Rb1 {[%emt 0:00:38]} Rf2+ {[%emt 0:00:17]} 0-1

[Event "Astana Open-A 2019"]
[Site "Nur-Sultan"]
[Date "2019.07.17"]
[Round "8.1"]
[White "Sivuk, Vitaly"]
[Black "Anton, Shomoev"]
[Result "1/2-1/2"]
[WhiteElo "2546"]
[BlackElo "2559"]
[Annotator "ChessBase"]
[PlyCount "122"]
[EventDate "2019.07.11"]
[EventCountry "KAZ"]
[SourceTitle "playchess.com"]
[Source "ChessBase"]
[SourceQuality "1"]
[TimeControl "5400+30"]

1. d4 {[%emt 0:00:00]} Nf6 {[%emt 0:00:00]} 2. c4 {[%emt 0:00:00]} g6 {[%emt 0:00:00]} 3. Nc3 {[%emt 0:00:00]} Bg7 {[%emt 0:00:00]} 4. e4 {[%emt 0:00:00]} d6 {[%emt 0:00:00]} 5. h3 {[%emt 0:00:12]} O-O {[%emt 0:00:06]} 6. Be3 {[%emt 0:00:04]} e5 {[%emt 0:00:06]} 7. d5 {[%emt 0:00:09]} Na6 {[%emt 0:00:06]} 8. g4 {[%emt 0:00:24]} Nc5 {[%emt 0:00:39]} 9. f3 {[%emt 0:00:10]} a5 {[%emt 0:05:00]} 10. Nge2 {[%emt 0:00:37]} c6 {[%emt 0:07:34]} 11. Ng3 {[%emt 0:03:00]} cxd5 {[%emt 0:00:20]} 12. cxd5 {[%emt 0:00:09]} a4 {[%emt 0:00:25]} 13. Qd2 {[%emt 0:00:44]} Qa5 {[%emt 0:01:24]} 14. Nb5 {[%emt 0:02:50]} Qd8 {[%emt 0:07:24]} 15. Rc1 {[%emt 0:02:15]} b6 {[%emt 0:00:35]} 16. Be2 {[%emt 0:05:52]} Ne8 {[%emt 0:04:29]} 17. h4 {[%emt 0:08:17]} f5 {[%emt 0:01:08]} 18. gxf5 {[%emt 0:00:16]} gxf5 {[%emt 0:00:01]} 19. exf5 {[%emt 0:07:03]} Bxf5 {[%emt 0:01:22]} 20. Nc3 {[%emt 0:02:24]} Ra7 {[%emt 0:07:24]} 21. Nce4 {[%emt 0:04:23]} Raf7 {[%emt 0:17:56]} 22. Ng5 {[%emt 0:04:02]} Rf6 {[%emt 0:00:54]} 23. Bxc5 {[%emt 0:06:39]} bxc5 {[%emt 0:03:32]} 24. Nxf5 {[%emt 0:12:36]} Rxf5 {[%emt 0:00:07]} 25. Bd3 {[%emt 0:00:10]} Rxf3 {[%emt 0:07:50]} 26. Bxh7+ {[%emt 0:05:00]} Kh8 {[%emt 0:00:31]} 27. Nxf3 {[%emt 0:01:31]} Rxf3 {[%emt 0:00:10]} 28. Be4 {[%emt 0:00:56]} Rf4 {[%emt 0:01:55]} 29. Rc4 {[%emt 0:00:10]} Nf6 {[%emt 0:03:57]} 30. Bd3 {[%emt 0:05:27]} Nxd5 {[%emt 0:03:53]} 31. Qe2 {[%emt 0:10:05]} Bh6 {[%emt 0:16:28]} 32. Rxf4 {[%emt 0:07:17]} Nxf4 {[%emt 0:01:23]} 33. Qe4 {[%emt 0:00:16]} Qg8 {[%emt 0:02:49]} 34. Bb1 {[%emt 0:04:45]} c4 {[%emt 0:02:36]} 35. Kf1 {[%emt 0:04:31]} Qf7 {[%emt 0:00:46]} 36. Ke1 {[%emt 0:02:38]} Qg7 {[%emt 0:02:24]} 37. Qa8+ {[%emt 0:01:45]} Qg8 {[%emt 0:00:06]} 38. Qxg8+ {[%emt 0:00:44]} Kxg8 {[%emt 0:00:01]} 39. Rf1 {[%emt 0:00:55]} d5 {[%emt 0:01:12]} 40. Bc2 {[%emt 0:00:40]} Kf7 {[%emt 0:01:33]} 41. Bxa4 {[%emt 0:00:15]} Ke6 {[%emt 0:00:01]} 42. Bc2 {[%emt 0:00:30]} Ng2+ {[%emt 0:01:34]} 43. Kf2 {[%emt 0:01:02]} Nxh4 {[%emt 0:01:08]} 44. Rh1 {[%emt 0:00:05]} Bg5 {[%emt 0:00:09]} 45. a4 {[%emt 0:00:19]} e4 {[%emt 0:00:10]} 46. a5 {[%emt 0:00:15]} Nf5 {[%emt 0:00:25]} 47. a6 {[%emt 0:00:31]} Be3+ {[%emt 0:00:15]} 48. Ke1 {[%emt 0:00:32]} Nd6 {[%emt 0:01:25]} 49. Ba4 {[%emt 0:00:38]} Nc8 {[%emt 0:00:31]} 50. Rh3 {[%emt 0:00:23]} Bf4 {[%emt 0:00:44]} 51. Rh7 {[%emt 0:00:21]} Kd6 {[%emt 0:00:26]} 52. a7 {[%emt 0:00:18]} Nxa7 {[%emt 0:00:04]} 53. Rxa7 {[%emt 0:00:04]} d4 {[%emt 0:00:06]} 54. Rd7+ {[%emt 0:01:36]} Kc5 {[%emt 0:00:13]} 55. Bd1 {[%emt 0:00:50]} d3 {[%emt 0:00:24]} 56. Bh5 {[%emt 0:00:19]} e3 {[%emt 0:00:31]} 57. Kd1 {[%emt 0:00:10]} Be5 {[%emt 0:00:42]} 58. Rb7 {[%emt 0:00:48]} e2+ {[%emt 0:00:46]} 59. Bxe2 {[%emt 0:00:06]} dxe2+ {[%emt 0:00:02]} 60. Kxe2 {[%emt 0:00:06]} Kc6 {[%emt 0:00:01]} 61. Rb4 {[%emt 0:00:14]} Kc5 {[%emt 0:00:04]} 1/2-1/2

[Event "Astana Open-A 2019"]
[Site "Nur-Sultan"]
[Date "2019.07.17"]
[Round "8.2"]
[White "Amonatov, Farrukh"]
[Black "Bocharov, Dmitry"]
[Result "0-1"]
[WhiteElo "2632"]
[BlackElo "2506"]
[Annotator "TA"]
[PlyCount "168"]
[EventDate "2019.07.11"]
[EventCountry "KAZ"]
[SourceTitle "playchess.com"]
[Source "ChessBase"]
[SourceQuality "1"]

{[%evp 13,168,19,27,17,24,-5,20,-17,-12,-18,-29,-30,-19,-33,-56,-97,-20,0,0,0,-4,-19,-6,-55,-62,-65,-60,-70,-20,-71,-63,-60,-66,-48,-62,-72,-46,-56,-51,-117,-111,-114,-102,-103,-123,-119,-140,-107,-70,-159,-154,-165,-162,-168,-130,-160,-166,-247,-229,-231,-160,-354,-364,-416,-416,-416,-416,-407,-344,-305,-287,-278,-269,-276,-275,-268,-253,-273,-273,-354,-354,-360,-277,-269,0,-344,-339,-357,-353,-414,-406,-444,-418,-428,-373,-372,-359,-390,-356,-386,-354,-313,-306,-419,-410,-401,-401,-378,-373,-441,-318,-358,-353,-379,-379,-379,-379,-379,-379,-379,-379,-345,-335,-355,-328,-313,-282,-330,-324,-325,-319,-389,-381,-367,-361,-544,-543,-533,-532,-528,-522,-505,-477,-617,-602,-602,-595,-4598,-3129,-29978,-29979,-29978,-29980,-29980,-29980,-29990,-29991]} 1. e4 c5 2. Nf3 d6 3. d4 cxd4 4. Nxd4 Nf6 5. Nc3 a6 6. f4 Qc7 7. Bd3 b5 8. Qe2 {With the idea e5. B93: Sicilian Najdorf: 6 f4} (8. O-O Nbd7 9. a3 Nb6 10. Kh1 e6 11. Qe2 Be7 12. e5 Nfd5 13. Ne4 dxe5 14. fxe5 Nc4 15. Qg4 g6 16. Bxc4 Qxc4 17. Bg5 Bf8 18. Qf3 f5 19. exf6 Kf7 20. Rad1 Bd7 21. Bh6 {1-0 (21) Pitra,A (2310)-Tran,T (2455) Ho Chi Minh City 2015}) 8... Nbd7 9. Bd2 Bb7 10. a3 $146 {The position is equal.} ({Predecessor:} 10. O-O-O Nc5 11. a3 e5 12. Nf5 Rc8 13. Rhg1 g6 14. Ng3 Bg7 15. h4 h5 {1-0 (49) Gomez Perez,J (1771)-Reveco Toledo,L (1590) Al Ain 2013}) 10... g6 11. O-O-O Bg7 12. Nb3 O-O 13. g4 Nc5 14. Kb1 Na4 (14... Nxd3 $17 15. cxd3 Rac8) 15. Nxa4 $11 bxa4 16. Na5 Rab8 {aiming for ...Nxe4!} 17. Bb4 Ba8 18. c3 Nd7 $1 19. Bxa6 Nc5 $1 {[%cal Rc5a6]} 20. Bd3 $1 {[#]} f5 $1 {[%mdl 512]} 21. gxf5 (21. Bc4+ $11 Kh8 22. exf5) (21. exf5 Nxd3) 21... Nxd3 $17 22. Qxd3 gxf5 23. exf5 Bxh1 24. Rxh1 Qd7 25. Re1 $1 Rf7 26. Qe4 {[#]} (26. Nc4 $15) 26... Rc8 $1 ({Much weaker is} 26... Qxf5 $6 27. Qxf5 Rxf5 28. Nc6 $15 (28. Rxe7 Rxf4 29. Bxd6 Rf1+ 30. Ka2 Bf8 $15)) 27. Nc4 {Black must now prevent Nb6.} Qxf5 {Threatens to win with ...Rxc4.} 28. Nb6 Rc6 29. Nd5 Qxe4+ 30. Rxe4 e5 31. c4 ({Better is} 31. Re1 $15) 31... exf4 32. Nxf4 Be5 33. Nd5 Kg7 ({But not} 33... Bxh2 34. Ne7+ Rxe7 35. Rxe7 $15) 34. h4 Kg6 35. c5 (35. Kc2 $142) 35... Kf5 $19 ({Not} 35... dxc5 36. Rxe5 cxb4 37. Ne7+ Rxe7 38. Rxe7 $11) 36. Rc4 dxc5 37. Bc3 $2 (37. Bxc5 $17 {only move.} Rb7 38. Nb4) 37... Ke6 38. Re4 Kxd5 39. Rxe5+ {[%mdl 4096] Endgame KRR-KRB} Kc4 40. Ka2 Rd6 41. Re8 Rdd7 42. h5 Rd1 43. Ra8 Rh1 44. Rxa4+ Kd5 45. Rg4 Rxh5 46. a4 Rhf5 47. Rg8 Rf8 48. Rg7 R8f7 {And now ...Rxg7 would win.} 49. Rg8 $1 Kc4 50. Rd8 h5 51. Rh8 Rd5 52. Rh6 Rf1 53. Re6 Rf4 54. Rh6 Rf3 55. a5 Rf7 56. Rh8 Rfd7 57. Rh6 Rf5 58. Rh8 Rd1 {( -> ...Rff1)} 59. Re8 Rff1 {[%csl Gf1][%cal Rd1a1]} 60. Re4+ Kb5 61. Kb3 Rd7 62. Re8 c4+ 63. Ka2 {intending Re5+.} Rdd1 {[%csl Gf1][%cal Rd1a1]} 64. Rb8+ Ka4 {[%csl Gf1][%cal Rd1a1]} 65. Rb4+ Kxa5 {[%csl Gf1][%cal Rd1a1]} 66. Rxc4+ Kb5 67. Kb3 Rd5 68. Ra4 Rff5 69. Rb4+ Kc6 {Strongly threatening ...Rb5.} 70. Ra4 Kb6 71. Re4 Rg5 72. Re6+ Kb5 73. Rh6 Rg4 74. Be1 (74. Rh8 {keeps fighting.}) 74... Re4 75. Bc3 h4 76. Kc2 Kc4 77. Rc6+ Rc5 78. Rb6 Re2+ 79. Kd1 {[#]} Rh2 $1 80. Ke1 h3 81. Rh6 Kd3 {Black mates.} 82. Rd6+ Kc2 83. Bd4 Rf5 84. Rc6+ Kd3 {Accuracy: White = 36%, Black = 87%.} 0-1

[Event "Astana Open-A 2019"]
[Site "Nur-Sultan"]
[Date "2019.07.17"]
[Round "8.3"]
[White "Stupak, Kirill"]
[Black "Vladimir, Burmakin"]
[Result "1/2-1/2"]
[WhiteElo "2560"]
[BlackElo "2506"]
[Annotator "ChessBase"]
[PlyCount "104"]
[EventDate "2019.07.11"]
[EventCountry "KAZ"]
[SourceTitle "playchess.com"]
[Source "ChessBase"]
[SourceQuality "1"]
[TimeControl "5400+30"]

1. d4 {[%emt 0:03:01]} Nf6 {[%emt 0:00:00]} 2. Nf3 {[%emt 0:00:35]} c6 {[%emt 0:00:00]} 3. Bf4 {[%emt 0:00:07]} Qb6 {[%emt 0:01:17]} 4. Qc1 {[%emt 0:02:50]} Nh5 {[%emt 0:01:46]} 5. Bd2 {[%emt 0:05:00]} Nf6 {[%emt 0:04:17]} 6. c4 {[%emt 0:01:11]} d6 {[%emt 0:00:41]} 7. Nc3 {[%emt 0:05:04]} Bg4 {[%emt 0:00:19]} 8. Be3 {[%emt 0:05:32]} Nbd7 {[%emt 0:03:27]} 9. h3 {[%emt 0:01:36]} Bf5 {[%emt 0:07:12]} 10. g4 {[%emt 0:04:56]} Bg6 {[%emt 0:00:13]} 11. Bg2 {[%emt 0:00:27]} Qb4 {[%emt 0:13:28]} 12. Nd2 {[%emt 0:05:58]} e6 {[%emt 0:00:08]} 13. O-O {[%emt 0:03:54]} Be7 {[%emt 0:03:30]} 14. f4 {[%emt 0:16:33]} O-O {[%emt 0:00:09]} 15. Bf2 {[%emt 0:04:29]} d5 {[%emt 0:03:18]} 16. a3 {[%emt 0:02:10]} Qa5 {[%emt 0:00:57]} 17. Bg3 {[%emt 0:02:00]} Qd8 {[%emt 0:09:25]} 18. b4 {[%emt 0:04:49]} Rc8 {[%emt 0:06:21]} 19. Kh2 {[%emt 0:01:23]} h5 {[%emt 0:00:42]} 20. f5 {[%emt 0:02:42]} Bh7 {[%emt 0:03:09]} 21. g5 {[%emt 0:09:02]} Ne8 {[%emt 0:00:08]} 22. g6 {[%emt 0:00:42]} fxg6 {[%emt 0:00:08]} 23. fxe6 {[%emt 0:00:05]} h4 {[%emt 0:07:35]} 24. Bf2 {[%emt 0:01:51]} Ndf6 {[%emt 0:03:15]} 25. Bxh4 {[%emt 0:05:19]} Nc7 {[%emt 0:05:06]} 26. Nf3 {[%emt 0:00:09]} Nxe6 {[%emt 0:00:14]} 27. Qe3 {[%emt 0:04:29]} Nc7 {[%emt 0:02:42]} 28. c5 {[%emt 0:00:15]} Re8 {[%emt 0:00:59]} 29. Qf2 {[%emt 0:01:41]} Ne6 {[%emt 0:00:42]} 30. Ne5 {[%emt 0:03:58]} g5 {[%emt 0:01:57]} 31. Bg3 {[%emt 0:00:01]} Rf8 {[%emt 0:02:02]} 32. Qe3 {[%emt 0:00:47]} Qe8 {[%emt 0:02:06]} 33. Bf3 {[%emt 0:01:42]} Bd8 {[%emt 0:00:48]} 34. Ng4 {[%emt 0:00:50]} Bc7 {[%emt 0:06:02]} 35. Qg1 {[%emt 0:00:01]} Bxg3+ {[%emt 0:00:33]} 36. Kxg3 {[%emt 0:00:12]} Qe7 {[%emt 0:05:47]} 37. e3 {[%emt 0:00:11]} Rce8 {[%emt 0:00:06]} 38. Kg2 {[%emt 0:01:14]} Nd8 {[%emt 0:00:13]} 39. Rae1 {[%emt 0:00:46]} Ne4 {[%emt 0:00:02]} 40. Bxe4 {[%emt 0:01:04]} Bxe4+ {[%emt 0:00:09]} 41. Kh2 {[%emt 0:00:06]} Bh7 {[%emt 0:02:58]} 42. Rxf8+ {[%emt 0:01:06]} Rxf8 {[%emt 0:00:21]} 43. Rf1 {[%emt 0:00:07]} Nf7 {[%emt 0:01:13]} 44. Qg3 {[%emt 0:00:18]} Bg6 {[%emt 0:00:54]} 45. Re1 {[%emt 0:01:26]} Bf5 {[%emt 0:00:57]} 46. Nf2 {[%emt 0:00:18]} Qd8 {[%emt 0:00:33]} 47. Rg1 {[%emt 0:00:23]} Qf6 {[%emt 0:00:25]} 48. Ncd1 {[%emt 0:00:44]} Re8 {[%emt 0:01:17]} 49. Nc3 {[%emt 0:00:17]} Qe7 {[%emt 0:00:48]} 50. Ncd1 {[%emt 0:00:21]} Qf6 {[%emt 0:00:12]} 51. Nc3 {[%emt 0:00:07]} Qe7 {[%emt 0:00:18]} 52. Ncd1 {[%emt 0:00:06]} Qf6 {[%emt 0:00:04]} 1/2-1/2